Country Names Without Vowels #4 - Statistics

General Stats
  • This quiz has been taken 35 times
  • The average score is 14 of 15
Answer Stats
Without Vowels With Vowels % Correct
Chl Chile
100%
Jmc Jamaica
100%
Jrdn Jordan
100%
Kwt Kuwait
100%
Lxmbrg Luxembourg
97%
Mrshll Slnds Marshall Islands
97%
Mxc Mexico
97%
Mzmbq Mozambique
97%
Mynmr Myanmar
97%
Swdn Sweden
97%
Pp Nw Gn Papua New Guinea
93%
Sn Mrn San Marino
93%
Dmnc Dominica
90%
Srnm Suriname
83%
Brn Brunei
80%
No matching quizzes found
Score Distribution
Percent of People with Each Score
Percentile by Number Answered
Your Score History
You have not taken this quiz